LEADER 00942nam a2200241 i 4500 001 000000245341 003 CaOOAMICUS 005 20151005000000.0 008 151005s1977 it u000 u ita u 013 $a224246 040 $aSeMil$bita 100 1 $aPerini, Norberto .$0(OLS)http://semarc/name/19081 245 10$aEugenio Colombo /$cNorberto Perini. 260 $aMonza :$b[s.n.],$c1977. 300 $a148 p., [2] p. di ritratto ;$c20 cm. 500 $aIn appendice : Ricordo di Carlo Colombo. - Fondo card. Giovanni Colombo. 600 14$aColombo, Eugenio <1911-1932>.$0(OLS)http://semarc/subject/22322 850 $aSeMil 852 $aSeMil$W1$xVenegono$y1$m3GC II 38/A$j242317$B195687$CSeMilBibl$Z2$F206361 $8B 941 1 $a3 961 $aLascito: Colombo Card. Giovanni 996 $6245$aEugenio Colombo$9(OLS)http://semarc/title/175261 996 $6260$aMonza :$b[s.n.]$9(OLS)http://semarc/publisher/42561 LEADER 00398nab a2200145 i 4500 001 000000287903 003 CaOOAMICUS 005 20150422000000.0 008 150422n xx uu u0 0und r 013 $a41884 040 $aSeMil$bita 245 10$a[SENZA TITOLO]. 500 $a2015/1. 773 0 $t2015.$dOstfildern : Schwabenverlag, 2015.$w()244281 996 $6245$a[SENZA TITOLO]$9(OLS)http://semarc/title/354609